Revista de derecho procesal 2006 - 1 : subasta judicial /
Guardado en:
| Formato: | Libro |
|---|---|
| Idioma: | Spanish |
| Publicado: |
Santa Fe :
Rubinzal - Culzoni,
2006.
|
| Edición: | 1a. ed. |
| Materias: | |
| Etiquetas: |
Agregar Etiqueta
Sin Etiquetas, Sea el primero en etiquetar este registro!
|
| LEADER | 00605nam a22001935a 4500 | ||
|---|---|---|---|
| 001 | DER.der013141 | ||
| 008 | 180615s2006####ag#||||||||||||||#||spa|| | ||
| 005 | 20230613115733.0 | ||
| 245 | 1 | 0 | |a Revista de derecho procesal 2006 - 1 : |b subasta judicial / |c Arazi, Roland. |
| 250 | |a 1a. ed. | ||
| 260 | |a Santa Fe : |b Rubinzal - Culzoni, |c 2006. | ||
| 300 | |a 595 p. | ||
| 020 | |a 950-727-724-2 | ||
| 700 | 1 | |a Arazi, Roland, |e dir. | |
| 650 | 7 | |a ACREEDORES REGISTRALES | |
| 650 | 7 | |a SUBASTA | |
| 650 | 7 | |a EMBARGO | |
| 859 | |a DERECHO |b BIB. DERECHO |h 347.05 |i REV |p 001764 |t 1 | ||
| 859 | |a DERECHO |b BIB. DERECHO |h 347.05 |i REV |p 009130 |t 2 | ||
